O movimento do Porto do Funchal e a conjuntura da Madeira de 1727 a 1810 (Registo nº 632)

Detalhes MARC
000 -Etiqueta do registo
Cabeçalho 00727cam a2200253 4500
005 - Identificador da versão
Campo de controlo 20240813121808.0
095 ## -
-- PTBN00957666
010 ## - Número internacional normalizado dos livros (ISBN)
Número (ISBN) 9726480213
035 ## - Other System Control Numbers
System Control Number 0000660
System Control Number 0000656
System Control Number 0000656
System Control Number 0000644
100 ## - Dados gerais de processamento
Dados gerais de processamento 19950607d1989 em y0pory5003 ba
102 ## - Pais de publicação ou produção
País de publicação Portugal
101 0# - Língua de publicação
Língua do texto, banda sonora, etc. Português
215 ## - Descrição física 
Indicação específica da natureza do documento e extensão da espécie 190 p., 3 gráf. desdobr, 5 quadros desdobr
Dimensões 24 cm
200 1# - Titulo e menção de responsabilidade
Título próprio O movimento do Porto do Funchal e a conjuntura da Madeira de 1727 a 1810
Informação de outro título alguns aspectos
Primeira menção de responsabilidade José Abreu de Sousa
210 ## - Publicação, Distribuição, etc. 
Lugar da edição, distribuição, etc. Funchal
Nome do editor, distribuidor, etc. DRAC
Data da publicação, distribuição, etc. 1989
675 ## - Classificação Decimal Universal (CDU)
Notação 656.615(469.8)"1727-1810"
Edição BN
Língua da edição por
700 #1 - Nome de autor-pessoa física (responsabilidade principal)
Número de registo de entrada de autoridade 0000784
Palavra de ordem Sousa
Outra parte do nome não tomada para palavra de ordem João José Abreu de
942 ## - Elementos de entrada adicionados (Koha)
Tipo de item no Koha Livro
Exemplares
Situação do levantamento Origin of item (home branch) (coded) Biblioteca de empréstimo Código de barras Circulation type (not for loan) Tipo de documento Nota do exemplar Damaged status
  Biblioteca Escolar Eng. Nuno Mergulhão Biblioteca Escolar Eng. Nuno Mergulhão BENM366   Livro Sem mensagem